000 00571nam a22002537a 4500
003 UA-OsUOA
001 23644
007 ta
008 20040127b un ||||| |||| 00| 0 ukr d
100 _aЕмельянов С.М.
090 _a316.48
_bЕ60
942 _cBK
040 _aUA-OsUOA
_brus
_cUA-OsUOA
_dUA-OsUOA
245 _aПрактикум по конфликтологии
300 _a368 с.
955 _a0
041 _arus
080 _a316.48
020 _a5-272-00113-3
260 _c2000
044 _aRU
650 7 _2UDC
999 _c309896
_d309896